Upkar's L.L.B entrance exam. / (Record no. 133646)

MARC details
000 -LEADER
fixed length control field 00638nam a22002297a 4500
005 - DATE AND TIME OF LATEST TRANSACTION
control field 20170124110213.0
010 ## - LIBRARY OF CONGRESS CONTROL NUMBER
LC control number B-131236
020 ## - INTERNATIONAL STANDARD BOOK NUMBER
Terms of availability 155.00
035 ## - SYSTEM CONTROL NUMBER
System control number B-131236
037 ## - SOURCE OF ACQUISITION
Source of stock number/acquisition Cen Lib/Ret
040 ## - CATALOGING SOURCE
Original cataloging agency DPL
Language of cataloging EN
082 ## - DEWEY DECIMAL CLASSIFICATION NUMBER
Classification number 000
Item number LAL
100 ## - MAIN ENTRY--PERSONAL NAME
Personal name Lal
9 (RLIN) 106167
245 ## - TITLE STATEMENT
Title Upkar's L.L.B entrance exam. /
Statement of responsibility, etc by Lal [and] Jain
260 ## - PUBLICATION, DISTRIBUTION, ETC. (IMPRINT)
Place of publication, distribution, etc Agra
Name of publisher, distributor, etc Upkar Prakashan
270 ## - ADDRESS
Address 2/11A, Swadeshi Bima Nagar
City Agra
Postal code 282002
300 ## - PHYSICAL DESCRIPTION
Extent Various Pages
Dimensions 23cm(pbk)
650 ## - SUBJECT ADDED ENTRY--TOPICAL TERM
Topical term or geographic name as entry element L.L.B. entrance
9 (RLIN) 38525
650 ## - SUBJECT ADDED ENTRY--TOPICAL TERM
Topical term or geographic name as entry element L.L.B. entrance exam test
9 (RLIN) 38526
700 ## - ADDED ENTRY--PERSONAL NAME
Personal name Jain
9 (RLIN) 474
942 ## - ADDED ENTRY ELEMENTS (KOHA)
Source of classification or shelving scheme Dewey Decimal Classification
Koha item type English Books
Classification part 000
Call number suffix LAL
Holdings
Withdrawn status Lost status Damaged status Not for loan Home library Current library Date acquired Source of acquisition Cost, normal purchase price Total Checkouts Total Renewals Full call number Barcode Date last seen Date checked out Copy number Cost, replacement price Price effective from Koha item type
        Central Library Central Library 27/07/2015 Cen Lib/Ret 155.00 5 2 000 LAL B-131236 13/10/2022 28/09/2022 1 155.00 27/07/2015 English Books

© Delhi Public Library
Hit Counter
free hit counter